| 000 | 00538nam a2200181Ia 4500 | ||
|---|---|---|---|
| 005 | 20250508154639.0 | ||
| 008 | 008 250505s9999 xx 000 0 eng d | ||
| 037 | _aTextual | ||
| 040 |
_aFEDL _beng _cFEDL |
||
| 041 |
_aeng _2eng |
||
| 084 |
_a371.26, EDU _qFEDL |
||
| 245 | 0 | _aInviational conference on testing problems | |
| 260 |
_aPrinceton _bEducational Testing Service _c1951 |
||
| 300 | _a119p. | ||
| 650 |
_aEducational Test and Measurements _9577435 |
||
| 942 |
_cTEXL _h371.26, EDU |
||
| 999 |
_c1351386 _d1351386 |
||